000 00403nam a2200157Ia 4500
005 20240823063914.0
008 240823s9999||||xx |||||||||||||| ||und||
082 _A005.133 P9
100 _aShibi Panikkar
245 0 _aMagic of C# with Net Frame Work
260 _c2009
_bFirewall
_aNewDelhi
500 _aYES
650 _aMagic of C#
_bComputer Science
700 _a Kumar Sanjeev
942 _cNB
999 _c239433
_d239433